Dubnica nad Váhom Hotel Filagor : Nákupné stredisko : pošta

Zobrazenie: Tri čiastkové pohľady, každý v bielom orámovaní, všetky spolu v bielo-striebornom orámovaní. Vľavo dole je pod prvým pohľadom, vodorovne, strieborným písmom na bielom podklade v striebornom orámovaní názov. Pohľad na hotel Filagor, vpravo pred ním parkujú osobné autá. V popredí je široká...

Full description

Bibliographic Details
Other Authors: Zemiar, Bohuslav, 1952- (Photographer), Slivka, Dušan, 1944- (Photographer), Zibrin, Zdeno (fotograf) (Photographer)
Format: Photo
Language:Slovak
PhysicalDescription:1 pohľadnica (3 čiastkové pohľady) farebná 11 x 15 cm
Published: Bratislava ČSTK-Pressfoto 1990
Subjects:

MARC

LEADER 00000ckm a2200000 a 4500
001 vtls001207909
003 SK-MaSNL
005 20260331202823.0
007 kf co
008 180703s1990 xo g 0kuslo
015 |a SNBG1990 
035 |a SNK000150979 
040 |a SNK  |b slo  |c SNK  |e AACR2 
041 0 |a slo 
043 |a e-xo--- 
044 |a xo  |c SK 
072 7 |a 913  |x Regionálna geografia  |2 konspekt 
080 |a 913(437.6)  |2 2011 
080 |a (084.121)  |2 2011 
080 |a 640.412  |2 2011 
080 |a 725.1:339.372.2  |2 2011 
080 |a 69.056.52  |2 2011 
080 |a 656.815.3  |2 2011 
100 1 |a Zemiar, Bohuslav,  |d 1952-  |4 pht  |9 47876 
245 1 0 |a Dubnica nad Váhom  |h grafika  |b Hotel Filagor : Nákupné stredisko : pošta  |c foto: B. Zemiar, D. Slivka, Z. Zibrin ; grafický návrh: S. Štubňa 
246 1 |i Názov na obrazovej časti:  |a Dubnica nad Váhom 
260 |a Bratislava  |b ČSTK-Pressfoto  |c 1990  |e Skalica  |f Grafobal 
300 |a 1 pohľadnica (3 čiastkové pohľady)  |b farebná  |c 11 x 15 cm 
520 8 |a Zobrazenie: Tri čiastkové pohľady, každý v bielom orámovaní, všetky spolu v bielo-striebornom orámovaní. Vľavo dole je pod prvým pohľadom, vodorovne, strieborným písmom na bielom podklade v striebornom orámovaní názov. Pohľad na hotel Filagor, vpravo pred ním parkujú osobné autá. V popredí je široká prázdna plocha, vľavo celkom vpredu vidno mladý ihličnatý strom na trávnatej ploche. Vľavo v pozadí vidno vysoké panelové domy. Pohľad zhora na "Obchodné stredisko ABC". Pred ním parkujú osobné autá na parkovisku predelenom kríkmi. V pozadí za obchodným strediskom vidno dlhý poschodový panelový dom. Pohľad na budovu pošty v pozadí. V popredí je rozsiahla trávnatá plocha 
650 0 7 |a hotely  |2 SNKPH  |9 18422 
650 0 7 |a obchodné domy  |2 SNKPH  |9 3005 
650 0 7 |a panelové domy  |2 SNKPH  |9 71125 
650 0 7 |a pošty  |2 SNKPH  |9 13835 
651 7 |a Dubnica nad Váhom (Slovensko)  |2 SNKPHgeo  |9 58303 
655 7 |a miestne pohľadnice  |2 SNKPH  |9 70510 
700 1 |a Slivka, Dušan,  |d 1944-  |4 pht  |9 249825 
700 1 |a Zibrin, Zdeno  |c (fotograf)  |4 pht  |9 283305 
700 1 |a Štubňa, Stanislav  |c (grafik)  |4 art  |9 283307 
958 |a GBN 
958 |a GC 
958 |a OND 
999 |c 1204662  |d 1206592 
952 |a SNK  |b SNK  |y PREZ  |7 0  |p 17A1283333  |o snkSP 144083  |i snk5648/90  |0 0  |1 0  |4 0  |d 2021-07-12  |f 1  |l 0  |r 2026-02-24 22:53:46  |w 2026-02-24 
952 |a SNK  |b SNK  |y PREZ  |7 0  |p 17A1283335  |o snkSP 144083 D1  |i snk5649/90  |0 0  |1 0  |4 0  |d 2021-07-12  |l 0  |r 2026-02-24 22:53:46  |w 2026-02-24